| 000 | 00882nam a22002537a 4500 | ||
|---|---|---|---|
| 001 | 8663 | ||
| 003 | FISKH | ||
| 005 | 20260323121958.0 | ||
| 008 | 251009b cb ||||| |||| 00| 0 eng d | ||
| 040 |
_aFISKH _bkhr _cFISKH _dFISKH |
||
| 050 | _aPZ7 | ||
| 082 | _a641 | ||
| 100 | _aMinistry of Education, Youth and Sports | ||
| 245 |
_aការធ្វើម្ហូប / _cក្រសួងអប់រំ យុវជន និងកីឡា |
||
| 260 |
_aPhnom Penh : _bកិច្ចសហប្រតិបត្តិការអភិវឌ្ឍន៍ប៊ែលហ្ស៊ិក, _c2008. |
||
| 300 |
_a8 pages : _bcolor illustrations ; _c25 cm . |
||
| 505 | _aD | ||
| 521 | 8 |
_a160
_bLexile estimate |
|
| 521 | 8 |
_aD
_bRaz-Plus |
|
| 650 | _aការធ្វើម្ហូប | ||
| 650 | _aCooking | ||
| 942 |
_2ddc _cKHB _n0 |
||
| 999 |
_c8663 _d8663 |
||